Statistics for Best Toronto Raptors players ever.

Click here to take the quiz!

General Stats

  • This quiz has been taken 362 times
  • The average score is 7 of 10

Answer Stats

Player (seasons) awards Answer % Correct
(1998-2004) 8x All StarVince Carter
98%
(2009- ) 2x All StarDemar Derozan
94%
(2012- ) 2x All StarKyle Lowry
94%
(2003-2010) 11x All StarChris Bosh
83%
(1997-2000) 7x All Star, 2x scoring championTracy Mcgrady
73%
(1999 - 2003) 1x All Star, AntonioAntonio Davis
55%
(1995-1998) Rookie of the year, DamonDamon Stoudamire
52%
(2012- ) 5th pickJonas Valanciunas
47%
(2005-2013) FT% season recordJose Calderon
44%
(2000-2007) All Rookie First Team, MorrisMorris Peterson
40%

Score Distribution

Percentile by Number Answered

Percent of People with Each Score

Your Score History

You have not taken this quiz